Financial Reporting and Business Communication, Twentieth Annual Conference University of Bristol, Thursday 30 June & Friday 1 July 2016: First Call for Papers (Record no. 316086)
[ view plain ]
| 000 -LEADER | |
|---|---|
| fixed length control field | 00518nam a2200145Ia 4500 |
| 008 - FIXED-LENGTH DATA ELEMENTS--GENERAL INFORMATION | |
| fixed length control field | 170224s9999 xx 000 0 und d |
| 100 ## - MAIN ENTRY--PERSONAL NAME | |
| Personal name | Mike Jones |
| 245 ## - TITLE STATEMENT | |
| Title | Financial Reporting and Business Communication, Twentieth Annual Conference University of Bristol, Thursday 30 June & Friday 1 July 2016: First Call for Papers |
| 245 ## - TITLE STATEMENT | |
| Statement of responsibility, etc | Mike Jones & Richard Slack |
| 260 ## - PUBLICATION, DISTRIBUTION, ETC. (IMPRINT) | |
| Name of publisher, distributor, etc | Accounting and Business Research |
| 260 ## - PUBLICATION, DISTRIBUTION, ETC. (IMPRINT) | |
| Date of publication, distribution, etc | 2015 |
| 300 ## - PHYSICAL DESCRIPTION | |
| Extent | 45:1, pages 118-119 |
| 650 ## - SUBJECT ADDED ENTRY--TOPICAL TERM | |
| General subdivision | Accountancy |
| 650 ## - SUBJECT ADDED ENTRY--TOPICAL TERM | |
| General subdivision | Accounting |
| Withdrawn status | Lost status | Damaged status | Home library | Current library | Date acquired | Total Checkouts | Date last seen | Price effective from | Koha item type |
|---|---|---|---|---|---|---|---|---|---|
| College Library | College Library | 02/24/2017 | 02/24/2017 | 02/24/2017 | Periodicals |